FC Bayern München Kader 2021/22 - Statistiken

Allgemein
  • Dieses Quiz wurde 250 mal gespielt
  • Das Durchschnittsergebnis liegt bei 19 aus 26
Antwortstatistiken
Position # Spieler % Korrekt
Torhüter 1 Manuel Neuer
99%
Stürmer 25 Thomas Müller
96%
Mittelfeld 6 Joshua Kimmich
94%
9 Robert Lewandowski
94%
7 Serge Gnabry
93%
26 Sven Ulreich
93%
8 Leon Goretzka
92%
10 Leroy Sane
92%
5 Benjamin Pavard
91%
Verteidiger 2 Dayot Upamecano
86%
4 Niklas Süle
86%
42 Jamal Musiala
85%
19 Alphonso Davies
84%
21 Lucas Hernandez
84%
11 Kingsley Coman
83%
24 Corentin Tolisso
66%
44 Josip Stanisic
61%
20 Bouna Sarr
60%
23 Tanguy Nianzou
55%
22 Marc Roca
51%
13 Eric Maxim Chupo-Moting
48%
39 Ron-Thorben Hoffmann
48%
3 Omar Richards
46%
15 Chris Richards
45%
36 Christian Früchtel
38%
17 Michael Cuisance
21%
Keine übereinstimmenden Quizze gefunden
Verteilung der Resultate
Anzahl Personen mit jedem Resultat
Perzentil nach korrekt beantworteten Fragen
Ihre Resultats-Entwicklung
Sie haben dieses Quiz noch nicht gespielt